000 00619nam a2200205 a 4500
005 20240925070026.0
008 991125m19711978mx 000 0 spa u
020 _a968230363X
035 _aUPN01000046694
049 _aCG
050 4 _aHT151
_bC3.6
100 1 _aCastells, Manuel,
_d1942-
_928061
245 1 0 _aProblemas de investigación en sociología urbana /
_cpor Manuel Castells ; tr. de Enrique Grilló.
260 _aMéxico :
_bSiglo XXI,
_c1971 (1978 impr.).
300 _a278 p.
440 0 _aArquitectura y urbanismo
650 4 _aREHABILITACION URBANA
650 4 _aUrbanismo
_91148
905 _aLibro
999 _c46694
_d46694